00847cam a2200229 a 450000100100000000500170001000800410002704000290006808200210009710000340011824500810015226000310023330000280026449000260029265000410031865000400035983000330039991000340043204900090046695201250047599900170060000001575320200929164137.0730824s1972 sp 000 0 spa  aDO-SdBNPbspacLCdBNPHU a070.50946bC395e1 aCendan Pazos, Fernando.9777210aEdición y comercio del libro español 1900-1972 /cFernando Cendan Pazos. aMadrid :bNacional,c1972. a445 p. :bil. ;c22 cm.1 aEspaña en 3 Tiempos 4aIndustria del librozEspaña935444 4aComercio editorialzEspaña935445 0aEspaña en 3 Tiempos935446 aCatalogación por copia / LC aBNGR 001052708MOaGRbGRcCTd2010-02-17iLF1l0o070.50946 C395ep15753-10r2020-06-25w2020-06-25y2ZPréstamo interno c15303d15303